000 00461nam a2200157Ia 4500
008 210210b2002 xxu||||| |||| 00| 0 eng d
020 _a81 7829 188 6
082 _a320.55 PARG
100 _aPAREL (Anthony J).
245 _aGandhi, freedom, and self-rule.
260 _aNew Delhi.
_bVistar Publications.,
_c2002
300 _a164
650 _aGandhi Gandhism Gandhian Liberty Human Rights Swaraj Hindutva
690 _aPolitical Theor
906 _a05746
999 _c104612
_d104612